Crop residue burning and its impact on achieving SDG 3 in India (Record no. 531610)
[ view plain ]
| 000 -LEADER | |
|---|---|
| fixed length control field | 01155nam a22001337a 4500 |
| 008 - FIXED-LENGTH DATA ELEMENTS--GENERAL INFORMATION | |
| fixed length control field | 250918b ||||| |||| 00| 0 eng d |
| 100 ## - MAIN ENTRY--PERSONAL NAME | |
| Personal name | Gupta, Namita and Kaur, Jaswinder |
| 245 ## - TITLE STATEMENT | |
| Title | Crop residue burning and its impact on achieving SDG 3 in India |
| 260 ## - PUBLICATION, DISTRIBUTION, ETC. (IMPRINT) | |
| Place of publication, distribution, etc | Indian Institute of Public Administration Digest |
| 300 ## - PHYSICAL DESCRIPTION | |
| Extent | 6(3), Jul-Sep, 2024: p.20-23 |
| 520 ## - SUMMARY, ETC. | |
| Summary, etc | Healthcare is one of the most important factors that directly impac the quality of quality of life and human development status of any economy. Sustainable development goal 3 of 2030 agenda is to “ensure healthily live sand promoting well being for all at all ages”. It recalls that human beings are entitled to a healthy and productive life in harmony with nature. This also simplicity emphasizes upon sustainable agriculture to ensure food security, without compromising on the ecosystem. This becomes significant in India as agriculture with it allied sectors, is the largest source o livelihoods with 60 -65 percent of rural population depending on agriculture. –Reproduced |
| 773 ## - HOST ITEM ENTRY | |
| Main entry heading | Indian Institute of Public Administration Digest |
| 942 ## - ADDED ENTRY ELEMENTS (KOHA) | |
| Item type | Articles |
| Withdrawn status | Lost status | Source of classification or shelving scheme | Damaged status | Not for loan | Permanent location | Current location | Date acquired | Serial Enumeration / chronology | Barcode | Date last seen | Koha item type |
|---|---|---|---|---|---|---|---|---|---|---|---|
| Indian Institute of Public Administration | Indian Institute of Public Administration | 2025-09-18 | 6(3), Jul-Sep, 2024: p.20-23 | AR137287 | 2025-09-18 | Articles |
